000 00915nam a2200289 i 4500
003 DO-SdBNP
005 20241031111958.0
007 ta
008 240813b2024 dr abc|| |||| 00| 0 spa d
020 _a9789945189636
040 _aDO-SdBNP
_bspa
_cBNPHU
_erda
041 _aspa
082 4 _aRD863.44
_bA454n
_222
100 1 _aAlonso, Carlos
_eautor
_91469
_4aut.
245 1 0 _aA numbered street /
_cCarlos Alonso.
264 4 _aSanto Domingo :
_bEditorial Salto al Reverso,
_c©2024
300 _a329 páginas ;
_c24 cm.
336 _atexto
_btxt
_2rdacontent
337 _asin mediaciónn
_bn
_2rdamedia
338 _avolumen
_bnc
_2rdacarrier
500 _aIncluye datos biográficos del autor en la contracubierta
590 _aInventariado, 2024/DG
650 7 _aNovela dominicana
_2LEMB
_9223
650 7 _aLiteratura dominicana
_2LEMB
910 _aDG/Validado. Control de calidad MFF
942 _2ddc
_cLBS1
999 _c57429
_d57429